000 00562nam a2200205 a 4500
008 960119s1990||||[C 0 cze c
020 _a8020401997
_c9
040 _aSNK
_bslo
_cSNK
_eAACR2
041 1 _acze
044 _aCZ
080 _a885.0-32
080 _a940.53(=924)
100 1 _aLustig, Arnošt
_4aut
245 1 0 _aModlitba pro Kateřinu Horovitzovou
_cArnošt Lustig ; Ilustr. Josef Velčovský
250 _a3., vyd.
260 _aPraha
_bMladá fronta
_c1990
300 _a142, [1] s.
_c21 cm
700 1 _aVelčovský, Josef
_4ill
958 _aA
999 _c12006
_d12006